Labour problems and trade unionism / (Record no. 124780)

MARC details
000 -LEADER
fixed length control field 00662nam a22002297a 4500
005 - DATE AND TIME OF LATEST TRANSACTION
control field 20170124105944.0
010 ## - LIBRARY OF CONGRESS CONTROL NUMBER
LC control number 096520
020 ## - INTERNATIONAL STANDARD BOOK NUMBER
Terms of availability 00.00
035 ## - SYSTEM CONTROL NUMBER
System control number 096520
037 ## - SOURCE OF ACQUISITION
Source of stock number/acquisition Cen Lib/Ret
040 ## - CATALOGING SOURCE
Original cataloging agency DPL
Language of cataloging EN
082 ## - DEWEY DECIMAL CLASSIFICATION NUMBER
Classification number 331
Item number LEI
100 ## - MAIN ENTRY--PERSONAL NAME
Personal name Leiter, Robert D.
9 (RLIN) 11915
245 ## - TITLE STATEMENT
Title Labour problems and trade unionism /
Statement of responsibility, etc by Robert D. Leiter
260 ## - PUBLICATION, DISTRIBUTION, ETC. (IMPRINT)
Name of publisher, distributor, etc Barnes & Noble, Inc
Date of publication, distribution, etc 1952
Place of publication, distribution, etc New York
270 ## - ADDRESS
City New York
300 ## - PHYSICAL DESCRIPTION
Extent xvi, 320p.
Dimensions 20cm(Hb)
500 ## - GENERAL NOTE
General note Includes bibliographical references and index
650 ## - SUBJECT ADDED ENTRY--TOPICAL TERM
Topical term or geographic name as entry element Labour Problems
9 (RLIN) 11916
650 ## - SUBJECT ADDED ENTRY--TOPICAL TERM
Topical term or geographic name as entry element Industrial economy
9 (RLIN) 11917
942 ## - ADDED ENTRY ELEMENTS (KOHA)
Source of classification or shelving scheme Dewey Decimal Classification
Koha item type English Books
Classification part 331
Call number suffix LEI
Holdings
Withdrawn status Lost status Damaged status Not for loan Home library Current library Date acquired Source of acquisition Cost, normal purchase price Total Checkouts Full call number Barcode Date last seen Copy number Cost, replacement price Price effective from Koha item type Public note
Written off       Central Library Central Library 18/06/2015 Cen Lib/Ret 0.00   331 LEI 096520 18/06/2015 1 0.00 18/06/2015 English Books Written off on approval by DLB (By Circulation); dtd 15-06-2023

© Delhi Public Library
Hit Counter
free hit counter